Catálogo
 En Linea

Jurisprudencia en materia laboral 2021 - 2018: (Registro nro. 53306)

Detalles MARC
000 -CABECERA
campo de control de longitud fija 01335nam a2200289 i 4500
003 - IDENTIFICADOR DEL NÚMERO DE CONTROL
campo de control DO-SdBNP
005 - FECHA Y HORA DE LA ÚLTIMA TRANSACCIÓN
campo de control 20260518120036.0
006 - CÓDIGOS DE INFORMACIÓN DE LONGITUD FIJA--CARACTERÍSTICAS DEL MATERIAL ADICIONAL
campo de control de longitud fija a||||fr|||| 00| 0
007 - CAMPO FIJO DE DESCRIPCIÓN FÍSICA--INFORMACIÓN GENERAL
campo de control de longitud fija ta
008 - DATOS DE LONGITUD FIJA--INFORMACIÓN GENERAL
campo de control de longitud fija 230419e2019 dr ||||fr|||| 001 edspa d
020 ## - NÚMERO INTERNACIONAL ESTÁNDAR DEL LIBRO
Número Internacional Estándar del Libro 9789945803938
040 ## - FUENTE DE LA CATALOGACIÓN
Centro catalogador/agencia de origen DO-SdBNP
Lengua de catalogación spa
Centro/agencia transcriptor BNPHU
Normas de descripción rda
082 #4 - NÚMERO DE LA CLASIFICACIÓN DECIMAL DEWEY
Número de clasificación 344.729301
Número de documento/Ítem H565j
Número de edición 22
245 ## - MENCIÓN DE TÍTULO
Título Jurisprudencia en materia laboral 2021 - 2018:
Resto del título estudios y sentencias
Mención de responsabilidad, etc. M. R. Herrera Carbucia; diagramación, José Miguel Pérez; prólogo, Mariano Germán Mejía y Rafael Francisco Alburquerque de Castro.
264 33 - PRODUCCIÓN, PUBLICACIÓN, DISTRIBUCIÓN, FABRICACIÓN Y COPYRIGHT
Producción, publicación, distribución, fabricación y copyright Santo Domingo :
Nombre del de productor, editor, distribuidor, fabricante Soto,
Fecha de producción, publicación, distribución, fabricación o copyright 2019
300 ## - DESCRIPCIÓN FÍSICA
Extensión xxi, 915 páginas ;
Dimensiones 22 cm.
500 ## - NOTA GENERAL
Nota general Incluye datos biográficos del autor en las solapas de las cubiertas.
500 ## - NOTA GENERAL
Nota general Incluye índice analítico, páginas 787 - 915
505 ## - NOTA DE CONTENIDO CON FORMATO
Nota de contenido con formato Prólogo. /
Mención de responsabilidad Mariano Germán Mejía.--
505 ## - NOTA DE CONTENIDO CON FORMATO
Nota de contenido con formato Prólogo. /
Mención de responsabilidad Rafael Francisco Alburquerque de Castro.
Título Presentación.--
-- Relación de Sentencias.--
-- Índice analítico.
590 ## - NOTA LOCAL (RLIN)
Nota local Inventariado 2023 / MF
650 #7 - PUNTO DE ACCESO ADICIONAL DE MATERIA--TÉRMINO DE MATERIA
Término de materia o nombre geográfico como elemento de entrada Derecho laboral
Subdivisión geográfica República Dominicana
Subdivisión cronológica 2012-2018
Fuente del encabezamiento o término LIBRUNAM
9 (RLIN) 89645
700 1# - PUNTO DE ACCESO ADICIONAL--NOMBRE DE PERSONA
9 (RLIN) 65253
Nombre de persona Jiménez Pérez, José Miguel
Término indicativo de función/relación diagramación
700 1# - PUNTO DE ACCESO ADICIONAL--NOMBRE DE PERSONA
Nombre de persona Germán M., Mariano,
Fechas asociadas al nombre 1946-
Forma completa/desarrollada del nombre (Germán Mejía)
Término indicativo de función/relación prólogo
9 (RLIN) 9311
700 1# - PUNTO DE ACCESO ADICIONAL--NOMBRE DE PERSONA
9 (RLIN) 35785
Nombre de persona Alburquerque de Castro, Rafael Francisco,
Fechas asociadas al nombre 1940-
942 ## - ELEMENTOS DE PUNTO DE ACCESO ADICIONAL (KOHA)
Fuente del sistema de clasificación o colocación Dewey Decimal Classification
Tipo de ítem Koha Libro
Existencias
Estado de retiro Estado de pérdida Fuente del sistema de clasificación o colocación Restricciones de uso No para préstamo Código de colección Localización permanente Ubicación/localización actual Ubicación en estantería Fecha de adquisición Fuente de adquisición Signatura topográfica completa Código de barras Fecha visto por última vez Precio válido a partir de Tipo de ítem Koha Nota pública
    Dewey Decimal Classification Excluido de préstamo   Patrimonio Dominicano Biblioteca Nacional Pedro Henríquez Ureña Biblioteca Nacional Pedro Henríquez Ureña Depósito 15.10.2020 Donado por ODECOPLIN BNPHU PD 344.729301 H565j 2023-1444 19.04.2023 19.04.2023 Libro Ejemplar autografiado por el autor

Con tecnología Koha